000 01223cam a22003497a 4500
003 CHAP
005 20220329134648.0
008 971013s1972 r 00010 d
010 _a23839
011 _a24811
035 _a28911
040 _cCHAP
090 _aFolleto 643
110 _aComisión Nacional de Fruticultura. México
_925772
245 1 3 _aEl cultivo del tamarindo
260 _aMéxico, D. F. :
_b(s.e.),
_c1972
300 _a7 p.
_b: ilus.
490 0 _aComisión Nacional de Fruticultura. México. Serie de divulgación. Folleto
_v; 11
500 _a2 c. en bodega
590 _aBATCH-UPD
_b10
_c20130110
_lUCH01
_h0201
590 _aBATCH-UPD
_b10
_c20130110
_lUCH01
_h1837
590 _aBATCH-UPD
_b10
_c20130409
_lUCH01
_h2210
590 _aBATCH-UPD
_b10
_c20130914
_lUCH01
_h1017
590 _aCONVERSION
_b10
_c20130109
_lUCH01
_h1314
650 1 4 _aTamarindo.
_9111504
830 0 _aComisión Nacional de Fruticultura. México. Serie de divulgación. Folleto
_v; 11
_925779
901 _aBK
942 _cFOLL
949 _aFolleto 643
_bBC
_cFOLL
_d-66840
_eTS1
_i28911
_si
949 _aFolleto 643
_bBC
_cFOLL
_d-66843
_eTS2
_fc.2
_i28911
_si
949 _aFolleto 643
_bBC
_cFOLL
_d-66844
_eTS2
_fc.3
_i28911
_si
999 _c23839
_d23839